Statistics for Chain Reaction #4

Click here to take the quiz!

General Stats

  • This quiz has been taken 41 times
  • The average score is 7 of 28

Answer Stats

GroupCategoryAnswer% Correct
Chain 2A pet - DDog
100%
Chain 1Not true - FFalse
97%
Chain 3Made from melting sand and other raw materials - GGlass
73%
Chain 1A young man - BBoy
70%
Chain 4To have spoken - SSaid
60%
Chain 3A visible or stain - MMarks
43%
Chain 2CCollar
40%
Chain 4The act of controlling of functioning something - OOperating
37%
Chain 2BBone
30%
Chain 2To make visible - SShow
30%
Chain 1BBall
23%
Chain 2DDry
10%
Chain 2LLand
10%
Chain 2SSlide
7%
Chain 4AAccount
3%
Chain 1BBottom
3%
Chain 3BBubble
3%
Chain 4EEnough
3%
Chain 4EExpense
3%
Chain 4FFor
3%
Chain 4SSure
3%
Chain 3BBath
0%
Chain 1HHeavy
0%
Chain 1MMetal
0%
Chain 1SScrew
0%
Chain 3SStained
0%
Chain 3TTeeth
0%
Chain 3TTub
0%

Score Distribution

Percentile by Number Answered

Percent of People with Each Score

Your Score History

You have not taken this quiz